000 00333nam a2200145Ia 4500
003 OSt
008 191201s2006 xx 000 0 und d
082 _a658.8
_bRAM
100 _aRAMPAL, M.K.
245 0 _aMarketing Management
260 _aN.Delhi
_bGalgotia Publication
_c2011
300 _a369
650 _aMBA
942 _2ddc
_cBK
999 _c13035
_d13035